000 00735nam a2200289Ia 4500
005 20260324120926.0
008 008 260324s9999 xx 000 0 eng d
020 _a9781315817941
037 _aEBOOK
040 _aCRL
040 _beng
040 _cCRL
041 _2eng
041 _aeng
084 _qCRL
100 _aAna Paula Bortoleto
_91160504
245 0 _aWaste Prevention Policy and Behaviour
245 0 _bNew Approaches to Reducing Waste Generation and its Environmental Impacts
260 _bTaylor and Francis
260 _c2014
365 _a
365 _b240
856 _uhttp://www.taylorfrancis.com/books/9781315817941
942 _cEBOOK
999 _c1752294
_d1752294